Palabrerío[juego] : ¿Cuántas palabras tenés en mente? /
Guardado en:
| Formato: | Objeto Físico |
|---|---|
| Publicado: |
Argentina :
Tinkuy,
2010.
|
| Materias: | |
| Etiquetas: |
Agregar Etiqueta
Sin Etiquetas, Sea el primero en etiquetar este registro!
|
| LEADER | 00853nrm a22001815g 4500 | ||
|---|---|---|---|
| 001 | CEM.cems019569 | ||
| 008 | 220923s2010##################0###0#####d | ||
| 005 | 20221006105527.0 | ||
| 245 | 0 | 0 | |a Palabrerío[juego] : |b ¿Cuántas palabras tenés en mente? / |c Tinkuy. |
| 260 | |a Argentina : |b Tinkuy, |c 2010. | ||
| 300 | |a 1 juego (1 mazo de cartas. Contiene 50 naipes) ; en caja 7 x 10 x 2 cm. + manual de instrucciones. | ||
| 500 | |a Para 2 o más jugadores a partir de 10 años objetivo: Decir, dibujar o representar palabras teniendo en cuenta una letra y un tema determinados. | ||
| 020 | |a 9789874213259 | ||
| 082 | 0 | 4 | |a J793.734 |
| 653 | |a 1. juegos de formación de palabras y definiciones | ||
| 653 | |a 2. juegos de palabras | ||
| 859 | |a CEMS |b BIB. CEMS - Ludoteca |h J 793.734 |i T495 |p 460.22 |t Ej.1 | ||
| 859 | |a CEMS |b BIB. CEMS - Ludoteca |h J 793.734 |i T495 |p 478.22 |t Ej.2 | ||
